Lataa...

Just - in - time quality

Bibliografiset tiedot
Päätekijä: Hernandez, Arnold
Aineistotyyppi: Printed Book
Julkaistu: Prentice Hall International 1993
Aiheet:
LEADER 00547nam a2200193 4500
020 |c $65.95 
082 |a 658.562 HER 
100 |a Hernandez, Arnold 
245 |a Just - in - time quality  |c Hernandez, Arnold 
250
260 |a Prentice Hall International  |c 1993 
300
490
500
590
650 |a Quality control management--Total quality management 
942 |c BK 
999 |c 134226  |d 134226 
952 |0 0  |1 1  |4 0  |6 658_562000000000000_HER  |7 0  |9 147686  |a IMK  |b IMK  |g 0.00  |l 0  |o 658.562 HER  |p IMK01232  |r 2019-10-25  |w 2019-10-25  |y BK